000 01334nab a22002537a 4500
999 _c6353
_d6353
003 OSt
005 20260131193453.0
008 190603e xxum|||| |||| 00| 0 spa d
040 _cPJ
100 _97009
_aColombo, María Celeste
245 1 0 _aSeguro y función social :
_buna mirada desde la responsabilidad civil y la argumentación jurídica /
_cMaría Celeste Colombo.
260 _cCiudad Autónoma de Buenos Aires :
_aThomson Reuters La Ley,
_b2025.
300 _ap. 66-75
500 _aCita: TR LALEY AR/DOC/2804/2025 Publicado en: RCCyC 2025 (Diciembre).
505 _aSumario: I. Introducción.— II. Responsabilidad civil y sus funciones tradicionales.— III. La función social del seguro.— IV. El seguro obligatorio automotor y su función social.— V. El seguro y la argumentación jurídica en responsabilidad civil.— VI. Conclusiones.
505 _t¿Te interesa el texto completo? Solicitalo al correo: koha@justierradelfuego.gov.ar
650 0 _91497
_aCODIGO CIVIL Y COMERCIAL
650 0 _91467
_aRESPONSABILIDAD CIVIL
650 0 _93331
_aDAÑO
650 0 _92600
_aPOLIZA DE SEGURO
650 0 _aOBLIGACIONES DEL ASEGURADO
773 0 _02713
_93170
_dCiudad Autónoma de Buenos Aires : Thomson Reuters La Ley, 2015-
_tRevista Código Civil y Comercial. Nº 6 - Diciembre 2025
942 _2udc
_cANA